logo

Bir Sreshtho Munshi Abdur Rouf Library
Jhenaidah Cadet College

উড়ুক্কু / (Record no. 769)

MARC details
000 -LEADER
fixed length control field 00753nam a2200241 a 4500
001 - CONTROL NUMBER
JCCL Control Number 769
003 - CONTROL NUMBER IDENTIFIER
JCCL marc code BD-JhCC
005 - DATE AND TIME OF LATEST TRANSACTION
control field 20200412134007.0
008 - FIXED-LENGTH DATA ELEMENTS--GENERAL INFORMATION
fixed length control field 171009s1993 bg |||| |||| 00| 0 ben d
020 ## - INTERNATIONAL STANDARD BOOK NUMBER
International Standard Book Number 9844100216
035 ## - SYSTEM CONTROL NUMBER
system control number (BD-JhCC)769
040 ## - CATALOGING SOURCE
Original cataloging agency BD-JhCC
Modifying agency BD-JhCC
041 ## - LANGUAGE CODE
Language code of Book ben
082 ## - DEWEY DECIMAL CLASSIFICATION NUMBER
Classification number 891.443
Author mark and Year JAH 1993
100 ## - MAIN ENTRY--PERSONAL NAME
Personal name জাহান, নাসরীন
245 ## - TITLE STATEMENT
Title উড়ুক্কু /
Statement of responsibility, etc নাসরীন জাহান
260 ## - PUBLICATION, DISTRIBUTION, ETC. (IMPRINT)
Place of publication, distribution, etc ঢাকা :
Name of publisher, distributor, etc মাওলা ব্রাদার্স,
Date of publication, distribution, etc 1993
300 ## - PHYSICAL DESCRIPTION
Pagination 272 p. :
Dimensions 21 cm.
500 ## - GENERAL NOTE
General note ফিলিপস সাহিত্য পুরুস্কারপ্রাপ্ত।
650 ## - SUBJECT ADDED ENTRY--TOPICAL TERM
Topical term or geographic name as entry element Novel
Geographic subdivision Bangladesh
942 ## - ADDED ENTRY ELEMENTS (KOHA)
Source of classification or shelving scheme Dewey Decimal Classification
Koha item type Books
Koha issues (borrowed), all copies 4
Holdings
Source of classification or shelving scheme Damaged status Not for loan Home library Current library Shelving location Date of accession Source of acquisition Cost, normal purchase price Total Checkouts Full call number Barcode Date last seen Date checked out Copy number Koha item type
Dewey Decimal Classification     JCC Rouf Library JCC Rouf Library General Stacks 10/09/2017 IPDC 350.00 9 891.443 JAH 1993 1758 01/20/2026 01/15/2026 C-1 Books
Dewey Decimal Classification     JCC Rouf Library JCC Rouf Library General Stacks 01/31/2018   150.00 6 891.443 JAH 1993 9358 06/06/2024 06/02/2024 C-2 Books

JCC Library | Contacts | JCC Home

Last Update on 23 September 2017
Copyright @ 2017-2020 JCC Rouf Library
Rouf Library, Jhenidah Cadet College (JCC), Bangladesh